Hidden Books of the Bible - Statistics

General Stats
  • This quiz has been taken 12 times
  • The average score is 8 of 20
Answer Stats
Hint Answer % Correct
One child said "My feet are numb," "Brrrr, so cccold" said the other. Numbers
88%
"What is another word for joy?" I asked Mr. Trev. "Elation," he respond. Revelation
88%
You have to hose a car down if it gets covered in mud. Hosea
75%
Tell Joan a joke and see if she laughs at it! Jonah
75%
Before the Olympics, the row men swim and lift to stay in shape. Romans
75%
Every morning, he brews his coffee at precisely 7:00 a.m. Hebrews
63%
The stand-up comedian did the improv "Herbs and Spices," as he liked to call it. Proverbs
63%
I need to run an errand Ann; he'll be gone by the time I get home. Daniel
50%
I can yodel, niegh, hum, whistle, and quack! Nahum
38%
I'll take ketchup for my burger now, but just a sec on dijon mustard. 2 John
25%
As the horses went for seconds, a mule went for thirds! 2 Samuel
25%
The big t-rex owed us a lot of money for destroying our house. Exodus
25%
I say a day in the mountains is the best type of vacation for me! Isaiah
25%
For this kind of math, you need to find a common denominator first. Matthew
25%
If you mic a quiet pastor up, the congregation will be able to hear him better. Micah
25%
Dinner is almost ready! Psalm
25%
I don't think you realize how tight us three friends have become. Titus
25%
The piano recital was the best her mom had ever seen! Esther
13%
As I told you at first, I'm of the impression that he is the spy among us. 1 Timothy
0%
I told the archery master to aim us toward the enemy's right flank. Amos
0%
No matching quizzes found
Score Distribution
Percent of People with Each Score
Percentile by Number Answered
Your Score History
You have not taken this quiz